000 00284nam a22001337a 4500
008 170529b xxu||||| |||| 00| 0 eng d
020 _a9781429246422
041 _aeng
080 _26TH
_a621.38
100 _a27
101 _aIM
245 _aPHYSICS
_cTIPLER,P.A
942 _2udc
_cBK
999 _c14809
_d14809